000 00752nam a2200253Ia 4500
001 31203
005 20240114001518.0
007 ta
008 060802s 195 a g b000 u 465 u
040 _aCotton College,Assam
041 _a465
082 _a350
_bL 588 M
100 _aLewis , Roy .
245 0 _aThe Managers: A New Examination of the English, German and American Executive /
_cRoy Lewis & Rosemary Stewart.
_hTextual Documents
250 _a1st ed. /
260 _aNew York :
_bNew American Library ,
_c© 1958.
300 _a256p. :
_bill ;
_c18cm .
653 _aManagers-American Executive
653 _aG-Economics
700 _aStewart, Rosemary .
942 _2ddc
_cBK
999 _c31185
_d31185